<?xml version="1.0" encoding="UTF-8"?>
<collection xmlns="http://www.loc.gov/MARC21/slim">
 <record>
  <leader>01327nam a22002057a 4500</leader>
  <controlfield tag="001">NCT_87662</controlfield>
  <controlfield tag="008">201204b        xxu||||| |||| 00| 0 vie d</controlfield>
  <datafield tag="999" ind1=" " ind2=" ">
   <subfield code="c">4320</subfield>
   <subfield code="d">4320</subfield>
  </datafield>
  <datafield tag="020" ind1=" " ind2=" ">
   <subfield code="a">9786046529651</subfield>
   <subfield code="c">99000</subfield>
  </datafield>
  <datafield tag="082" ind1="0" ind2="4">
   <subfield code="2">23rd ed.</subfield>
   <subfield code="a">650.1</subfield>
   <subfield code="b">Z11</subfield>
  </datafield>
  <datafield tag="100" ind1="1" ind2=" ">
   <subfield code="a">Zaffron, Steve</subfield>
  </datafield>
  <datafield tag="245" ind1="1" ind2="0">
   <subfield code="a">Ba quy luật của hiệu quả =</subfield>
   <subfield code="b">The three laws of performance : Viết lại tương lai cho doanh nghiệp và bản thân</subfield>
   <subfield code="c">Steve Zaffron, Dave Logan ; Lê Uyên Thảo (Dịch)</subfield>
  </datafield>
  <datafield tag="260" ind1=" " ind2=" ">
   <subfield code="a">H.</subfield>
   <subfield code="b">Lao động - xã hội</subfield>
   <subfield code="c">2017</subfield>
  </datafield>
  <datafield tag="300" ind1=" " ind2=" ">
   <subfield code="a">318 tr.</subfield>
   <subfield code="c">21cm</subfield>
  </datafield>
  <datafield tag="520" ind1="3" ind2=" ">
   <subfield code="a">Trình bày và phân tích về ba quy luật: hiệu quả mà mỗi người đạt được tương ứng với cách mọi người nhìn nhận tình huống xảy ra với mình, cách chúng ta nhìn nhận vấn đề bắt nguồn từ ngôn ngữ và ngôn ngữ gợi mở tương lai có khả năng làm thay đổi cách con người nhìn nhận tình huống.</subfield>
  </datafield>
  <datafield tag="653" ind1=" " ind2=" ">
   <subfield code="a">Tham khảo</subfield>
  </datafield>
  <datafield tag="700" ind1="1" ind2=" ">
   <subfield code="a">Lê Uyên Thảo</subfield>
   <subfield code="e">Dịch</subfield>
  </datafield>
  <datafield tag="942" ind1=" " ind2=" ">
   <subfield code="2">ddc</subfield>
   <subfield code="c">BK</subfield>
  </datafield>
  <datafield tag="952" ind1=" " ind2=" ">
   <subfield code="0">0</subfield>
   <subfield code="1">0</subfield>
   <subfield code="2">ddc</subfield>
   <subfield code="4">0</subfield>
   <subfield code="6">650_100000000000000_Z11</subfield>
   <subfield code="7">0</subfield>
   <subfield code="9">20880</subfield>
   <subfield code="a">000001</subfield>
   <subfield code="b">000001</subfield>
   <subfield code="d">2020-12-04</subfield>
   <subfield code="o">650.1 Z11</subfield>
   <subfield code="p">TK.02264</subfield>
   <subfield code="r">2020-12-04</subfield>
   <subfield code="v">99000.00</subfield>
   <subfield code="w">2020-12-04</subfield>
   <subfield code="y">BK</subfield>
  </datafield>
  <datafield tag="980" ind1=" " ind2=" ">
   <subfield code="a">Thư viện Trường Đại học Nam Cần Thơ</subfield>
  </datafield>
 </record>
</collection>
